[Event "Oregon-ch"]
[Site "Portland"]
[Date "2020.02.15"]
[Round "5"]
[White "Bjorksten, Lennart"]
[Black "Tang, Zoey"]
[Result "1-0"]
[WhiteElo "2028"]
[BlackElo "1807"]
[PlyCount "85"]
[EventDate "2020.02.08"]
[EventType "tourn"]
[EventRounds "9"]
[EventCountry "USA"]
[SourceTitle "CBM 195 Extra"]
[Source "ChessBase"]
[SourceDate "2020.05.31"]
[SourceVersion "1"]
[SourceVersionDate "2020.05.31"]
[SourceQuality "1"]

1. c4 e5 2. g3 g6 3. Bg2 Bg7 4. Nc3 Nc6 5. Nf3 f5 6. 0-0 Nf6 7. d4 e4 8. Ne1 0-0 9. Bg5 Ne7 10. d5 h6 11. Be3 d6 12. Nc2 g5 13. f3 exf3 14. exf3 Ng6 15. f4 Ng4 16. Bd4 gxf4 17. Bxg7 Kxg7 18. gxf4 Kh7 19. Qd3 Rg8 20. h3 Nf6 21. Kh2 Bd7 22. Nd4 Nh5 23. Nce2 Qf6 24. Qd2 Nh4 25. Bh1 Rae8 26. Rg1 Qe7 27. Rxg8 Rxg8 28. Rg1 Re8 29. Ng3 Nxg3 30. Rxg3 Ng6 31. Bf3 Qe1 32. Qc2 Nh4 33. Bd1 Qf1 34. Nf3 Ng6 35. Rg1 Qxg1+ 36. Nxg1 Nxf4 37. Qd2 Ng6 38. Bh5 Rg8 39. Bxg6+ Rxg6 40. Qa5 f4 41. Qxc7 Rg7 42. Qxd6 Rf7 43. Nf3 1-0

[Event "Oregon-ch"]
[Site "Portland"]
[Date "2020.02.15"]
[Round "6"]
[White "Cosner, Karl"]
[Black "Bjorksten, Lennart"]
[Result "0-1"]
[WhiteElo "1981"]
[BlackElo "2028"]
[PlyCount "118"]
[EventDate "2020.02.08"]
[EventType "tourn"]
[EventRounds "9"]
[EventCountry "USA"]
[SourceTitle "CBM 195 Extra"]
[Source "ChessBase"]
[SourceDate "2020.05.31"]
[SourceVersion "1"]
[SourceVersionDate "2020.05.31"]
[SourceQuality "1"]

1. d4 c6 2. e4 d5 3. e5 c5 4. Bb5+ Nc6 5. Nf3 Bg4 6. e6 f6 7. dxc5 Bxe6 8. Nd4 Bd7 9. Bd3 Ne5 10. Be2 e6 11. f4 Nc6 12. Nb3 Nh6 13. 0-0 Na5 14. Be3 Rc8 15. N1d2 Nf5 16. Bf2 Kf7 17. g4 Ne7 18. Nxa5 Qxa5 19. f5 exf5 20. Nc4 dxc4 21. Qxd7 Rxc5 22. gxf5 g6 23. b4 Qxb4 24. Rab1 Qa5 25. Rxb7 Rxf5 26. Bxc4+ Kg7 27. Re1 Re5 28. Rxe5 Qxe5 29. Bd4 Qg5+ 30. Kf2 Qf4+ 31. Ke2 g5 32. Rxa7 Qxh2+ 33. Kd1 Qh1+ 34. Kd2 Qh2+ 35. Kc3 Qg3+ 36. Kb2 h5 37. Qf5 Rh6 38. Qe6 Qb8+ 39. Ka1 Kh8 40. c3 Qf4 41. Be3 Qe5 42. Qxe5 fxe5 43. Bxg5 Rc6 44. Bf7 Nc8 45. Rd7 Rxc3 46. Bg6 Rf3 47. Be4 Rf2 48. Rd8 Nd6 49. Bd5 Kg7 50. a4 Kg6 51. Be3 Re2 52. Bc5 Nb7 53. Bxb7 Bxc5 54. Rd5 Bd4+ 55. Rxd4 exd4 56. a5 Re5 57. a6 Rb5 58. Be4+ Kg5 59. Ka2 Ra5+ 0-1

[Event "Oregon-ch"]
[Site "Portland"]
[Date "2020.02.09"]
[Round "4"]
[White "Haessler, Carl A"]
[Black "Bjorksten, Lennart"]
[Result "0-1"]
[WhiteElo "2016"]
[BlackElo "2028"]
[PlyCount "64"]
[EventDate "2020.02.08"]
[EventType "tourn"]
[EventRounds "9"]
[EventCountry "USA"]
[SourceTitle "CBM 195 Extra"]
[Source "ChessBase"]
[SourceDate "2020.05.31"]
[SourceVersion "1"]
[SourceVersionDate "2020.05.31"]
[SourceQuality "1"]

1. e4 c6 2. Nf3 d5 3. Nc3 Bg4 4. h3 Bxf3 5. Qxf3 Nf6 6. exd5 cxd5 7. Bb5+ Nc6 8. 0-0 e6 9. b3 Be7 10. Bb2 0-0 11. Bxc6 bxc6 12. d3 Nd7 13. d4 c5 14. Rad1 Rc8 15. dxc5 Nxc5 16. Nb5 Qb6 17. Qg4 f6 18. Nd4 Rf7 19. Rfe1 f5 20. Qe2 Bf6 21. c4 Ne4 22. cxd5 exd5 23. g4 fxg4 24. Qxg4 Rc2 25. Re2 Rxb2 26. Rxb2 Bxd4 27. Rc2 Rxf2 28. Rxf2 Bxf2+ 29. Kg2 Nf6 30. Qc8+ Kf7 31. Qf5 Bh4 32. Rxd5 Qc6 0-1

[Event "Oregon-ch"]
[Site "Portland"]
[Date "2020.02.08"]
[Round "2"]
[White "Grabinsky, Joshua"]
[Black "Bjorksten, Lennart"]
[Result "1-0"]
[WhiteElo "2182"]
[BlackElo "2028"]
[PlyCount "89"]
[EventDate "2020.02.08"]
[EventType "tourn"]
[EventRounds "9"]
[EventCountry "USA"]
[SourceTitle "CBM 195 Extra"]
[Source "ChessBase"]
[SourceDate "2020.05.31"]
[SourceVersion "1"]
[SourceVersionDate "2020.05.31"]
[SourceQuality "1"]

1. e4 c6 2. Bc4 d5 3. Bb3 a5 4. a4 dxe4 5. Qh5 g6 6. Qh4 Nf6 7. Nc3 Nbd7 8. f3 Nc5 9. Ba2 Qd4 10. Nge2 Qb4 11. fxe4 Ncxe4 12. Nxe4 Qxe4 13. Qxe4 Nxe4 14. d3 Nf6 15. Nc3 Bg7 16. 0-0 0-0 17. Be3 e5 18. Bg5 Nd5 19. Nxd5 cxd5 20. Bxd5 Be6 21. Bxe6 fxe6 22. Rxf8+ Rxf8 23. c3 h6 24. Be3 Rd8 25. Rd1 e4 26. d4 Rc8 27. Kf2 Rc4 28. Ra1 Kf7 29. Ra3 e5 30. d5 Bf8 31. Rb3 Rxa4 32. Rxb7+ Kf6 33. g4 Ra1 34. h4 g5 35. hxg5+ hxg5 36. c4 a4 37. c5 a3 38. d6 Rb1 39. d7 Be7 40. Rb6+ Kf7 41. bxa3 Ra1 42. c6 Ra2+ 43. Kg3 Rxa3 44. c7 Rxe3+ 45. Kg2 1-0

[Event "US Seniors op 120th"]
[Site "Orlando"]
[Date "2019.08.04"]
[Round "3"]
[White "Bjorksten, Lennart"]
[Black "Getz, Shelby D"]
[Result "0-1"]
[WhiteElo "2019"]
[BlackElo "2273"]
[PlyCount "126"]
[EventDate "2019.08.03"]
[EventType "swiss"]
[EventRounds "6"]
[EventCountry "USA"]
[SourceTitle "EXT 2020"]
[Source "ChessBase"]
[SourceDate "2019.10.17"]
[SourceVersion "1"]
[SourceVersionDate "2019.10.17"]
[SourceQuality "1"]

1. d4 d5 2. Bf4 Nc6 3. e3 Bf5 4. Nf3 e6 5. Bd3 Nf6 6. Ne5 Nxe5 7. dxe5 Ne4 8. Nd2 Be7 9. Bxe4 dxe4 10. Qe2 Qd5 11. 0-0-0 0-0-0 12. Nb3 Qc6 13. Rd4 Rxd4 14. Nxd4 Qd5 15. Kb1 Rd8 16. Rc1 Bg6 17. Qb5 Qxb5 18. Nxb5 a6 19. Nd4 c5 20. Nb3 Kc7 21. Rf1 Kc6 22. Kc1 b6 23. Rd1 Rxd1+ 24. Kxd1 Kd5 25. Nd2 b5 26. Nb1 b4 27. b3 Bh5+ 28. Ke1 f6 29. c4+ Kc6 30. Nd2 f5 31. Bg3 g5 32. f3 exf3 33. gxf3 Bg6 34. f4 g4 35. Kf2 h5 36. h4 gxh3 37. Nf3 Kd7 38. Kg1 h4 39. Bf2 Bh5 40. Nd2 h2+ 41. Kxh2 Ke8 42. Kh3 Bg4+ 43. Kg2 Kf7 44. Kh2 Kg6 45. Be1 Kh5 46. Bf2 Bd1 47. Kh3 Be2 48. Be1 Bg4+ 49. Kh2 h3 50. Bf2 Bh4 51. Bg3 a5 52. e4 Bxg3+ 53. Kxg3 Kg6 54. Nf1 Be2 55. Ne3 fxe4 56. Kxh3 Bd3 57. Kg4 Bb1 58. f5+ exf5+ 59. Nxf5 Bxa2 60. Ne7+ Kf7 61. Nc6 Bxb3 62. Nxa5 Bd1+ 63. Kf4 b3 0-1

[Event "Oregon-ch"]
[Site "Portland"]
[Date "2018.09.23"]
[Round "9"]
[White "Russell, Corey J"]
[Black "Bjorksten, Lennart"]
[Result "1-0"]
[WhiteElo "2225"]
[BlackElo "2169"]
[PlyCount "115"]
[EventDate "2018.09.14"]
[EventType "tourn"]
[EventRounds "9"]
[EventCountry "USA"]
[SourceTitle "EXT 2024"]
[Source "ChessBase"]
[SourceDate "2023.10.10"]
[SourceVersion "1"]
[SourceVersionDate "2023.10.10"]
[SourceQuality "1"]

1. e4 e5 2. Nf3 Nc6 3. d4 exd4 4. Bc4 Nf6 5. 0-0 Bc5 6. c3 d5 7. exd5 Nxd5 8. Re1+ Be6 9. Ng5 Qd7 10. Nxe6 fxe6 11. Qh5+ Kd8 12. Bg5+ Kc8 13. Nd2 dxc3 14. bxc3 Na5 15. Bb3 Nxb3 16. Nxb3 Bd6 17. c4 Nf6 18. Qh4 Re8 19. c5 Bf8 20. Rad1 Qf7 21. c6 b6 22. Bxf6 Qxf6 23. Qxf6 gxf6 24. Rd7 Bb4 25. Red1 e5 26. Rxh7 Bd6 27. Rd5 Kd8 28. Rf7 Rh8 29. g3 Ke8 30. Rxf6 Ke7 31. Rg6 Rag8 32. Rxg8 Rxg8 33. f3 Ke6 34. Rd3 a5 35. Kg2 a4 36. Nd2 b5 37. Ne4 b4 38. h4 Rb8 39. Rd1 a3 40. Nxd6 cxd6 41. Rc1 d5 42. h5 Kd6 43. c7 Rc8 44. h6 b3 45. axb3 Rxc7 46. Ra1 Ra7 47. b4 d4 48. g4 Ke6 49. b5 Kf6 50. b6 Ra8 51. b7 Rb8 52. Rxa3 Rxb7 53. Ra6+ Kg5 54. Kg3 Rd7 55. Re6 d3 56. h7 Rxh7 57. Rxe5+ Kf6 58. Rd5 1-0

[Event "Oregon-ch"]
[Site "Portland"]
[Date "2018.09.22"]
[Round "6"]
[White "Zavortink, Matt B"]
[Black "Bjorksten, Lennart"]
[Result "1-0"]
[WhiteElo "2254"]
[BlackElo "2169"]
[PlyCount "53"]
[EventDate "2018.09.14"]
[EventType "tourn"]
[EventRounds "9"]
[EventCountry "USA"]
[SourceTitle "EXT 2024"]
[Source "ChessBase"]
[SourceDate "2023.10.10"]
[SourceVersion "1"]
[SourceVersionDate "2023.10.10"]
[SourceQuality "1"]

1. Nf3 d5 2. g3 Nf6 3. Bg2 e6 4. c4 Bd6 5. d4 c6 6. Nbd2 0-0 7. Qc2 Nbd7 8. 0-0 Re8 9. e4 Nxe4 10. Nxe4 dxe4 11. Qxe4 e5 12. Re1 Nf6 13. Qh4 Bb4 14. Rxe5 Be6 15. Bg5 Bd6 16. Rae1 Bxe5 17. dxe5 h6 18. Bxf6 gxf6 19. exf6 Bf5 20. Rxe8+ Qxe8 21. Qxh6 Qf8 22. Qg5+ Bg6 23. Ne5 Qc5 24. h4 Re8 25. Qh6 Qf8 26. Qf4 Bh7 27. Nd7 1-0

[Event "Oregon-ch"]
[Site "Portland"]
[Date "2018.09.15"]
[Round "2"]
[White "Grabinsky, Joshua"]
[Black "Bjorksten, Lennart"]
[Result "1-0"]
[WhiteElo "2214"]
[BlackElo "2169"]
[PlyCount "195"]
[EventDate "2018.09.14"]
[EventType "tourn"]
[EventRounds "9"]
[EventCountry "USA"]
[SourceTitle "EXT 2024"]
[Source "ChessBase"]
[SourceDate "2023.10.10"]
[SourceVersion "1"]
[SourceVersionDate "2023.10.10"]
[SourceQuality "1"]

1. b3 d5 2. Bb2 Nc6 3. Nf3 Bg4 4. d4 e6 5. e3 Nf6 6. Nbd2 Bb4 7. c3 Be7 8. Bd3 e5 9. Be2 exd4 10. cxd4 0-0 11. Ne5 Nxe5 12. dxe5 Bxe2 13. Qxe2 Ne4 14. Nxe4 dxe4 15. Qc4 a5 16. Rd1 Bb4+ 17. Ke2 Qh4 18. h3 Rfd8 19. a3 Bf8 20. g4 Rxd1 21. Rxd1 Qxh3 22. Qxe4 h5 23. e6 Qxg4+ 24. Qxg4 hxg4 25. exf7+ Kxf7 26. Rd7+ Ke6 27. Rxc7 b5 28. Rb7 Rc8 29. Kd3 Rd8+ 30. Bd4 Rd5 31. a4 bxa4 32. bxa4 Rf5 33. e4 Rf3+ 34. Kc4 g3 35. fxg3 Rxg3 36. Ra7 Rg4 37. Ra6+ Kd7 38. Kd5 Rg5+ 39. e5 Bb4 40. Be3 Rg4 41. Ra8 Kc7 42. e6 Kb7 43. Ra7+ Kc8 44. e7 Bxe7 45. Rxe7 Kd8 46. Ra7 Rxa4 47. Bd4 g5 48. Rg7 Rb4 49. Rxg5 a4 50. Bc5 Rh4 51. Kc6 Ke8 52. Rg7 Re4 53. Kd5 Re1 54. Bd6 Re2 55. Be5 Kf8 56. Ra7 Rf2 57. Ke6 Kg8 58. Rg7+ Kf8 59. Rh7 Ke8 60. Ra7 Rd2 61. Rxa4 Rd7 62. Ra8+ Rd8 63. Ra7 Rd2 64. Rf7 Re2 65. Re7+ Kd8 66. Rb7 Rc2 67. Rb1 Rc6+ 68. Bd6 Rc2 69. Rh1 Kc8 70. Rh8+ Kb7 71. Rb8+ Ka7 72. Rb3 Ka6 73. Kd5 Rc1 74. Bc5 Rh1 75. Kc6 Rh6+ 76. Bd6 Rh5 77. Rg3 Rb5 78. Bc5 Rb6+ 79. Kd5 Rh6 80. Rg7 Kb5 81. Bd4 Rh5+ 82. Be5 Rh6 83. Rg8 Rb6 84. Bd6 Rc6 85. Rg1 Rc2 86. Rb1+ Ka4 87. Bc5 Rh2 88. Bd4 Rh5+ 89. Kc4 Rh3 90. Bf6 Ka5 91. Bd4 Ka4 92. Bf2 Ka3 93. Rb5 Ka2 94. Be1 Re3 95. Bc3 Re8 96. Ra5+ Kb1 97. Kd3 Rd8+ 98. Bd4 1-0

[Event "Oregon-ch"]
[Site "Portland"]
[Date "2017.02.20"]
[Round "9"]
[White "Bjorksten, Lennart"]
[Black "Deeth, Steven B"]
[Result "1-0"]
[WhiteElo "2089"]
[BlackElo "2075"]
[PlyCount "65"]
[EventDate "2017.02.11"]
[EventType "tourn"]
[EventRounds "9"]
[EventCountry "USA"]
[SourceTitle "EXT 2024"]
[Source "ChessBase"]
[SourceDate "2023.10.10"]
[SourceVersion "1"]
[SourceVersionDate "2023.10.10"]
[SourceQuality "1"]

1. d4 d5 2. Bf4 Nf6 3. e3 c5 4. c3 Nc6 5. Nd2 cxd4 6. cxd4 Qb6 7. Bd3 Qxb2 8. Ne2 e6 9. 0-0 Bb4 10. Nf3 0-0 11. a3 Be7 12. Bc7 Bd8 13. Qa4 Bxc7 14. Rfb1 Qxa1 15. Rxa1 Bd7 16. Qc2 Rfc8 17. Rb1 Rab8 18. Qa2 Bd6 19. Nd2 Na5 20. f3 b5 21. e4 Bc7 22. e5 Ne8 23. Nb3 Nc4 24. Nc5 Bc6 25. a4 bxa4 26. Rxb8 Rxb8 27. Bxc4 dxc4 28. Nc3 Ba5 29. Qxc4 a3 30. Nb3 Bxc3 31. Qxc6 a2 32. Qa4 Bxd4+ 33. Nxd4 1-0

[Event "Oregon-ch"]
[Site "Portland"]
[Date "2016.02.14"]
[Round "7"]
[White "Bjorksten, Lennart"]
[Black "Pendergast, Michael J"]
[Result "1-0"]
[WhiteElo "2073"]
[BlackElo "2148"]
[PlyCount "95"]
[EventDate "2016.02.06"]
[EventType "tourn"]
[EventRounds "9"]
[EventCountry "USA"]
[SourceTitle "EXT 2018"]
[Source "ChessBase"]
[SourceDate "2017.10.13"]
[SourceVersion "1"]
[SourceVersionDate "2017.10.13"]
[SourceQuality "1"]

1. d4 e6 2. c4 Nf6 3. Nc3 Bb4 4. e3 b6 5. Nge2 Ba6 6. a3 Be7 7. Nf4 d5 8. cxd5 Bxf1 9. dxe6 Ba6 10. exf7+ Kxf7 11. Qb3+ Ke8 12. Ne6 Qd7 13. Nxg7+ Kd8 14. e4 Nc6 15. Ne6+ Kc8 16. d5 Ne5 17. Be3 Nd3+ 18. Kd2 Rg8 19. g3 Ng4 20. f4 Nxe3 21. Kxe3 Nc5 22. Nxc5 Bxc5+ 23. Kd2 Qh3 24. Rae1 Qg2+ 25. Kc1 Bf2 26. d6 Rg6 27. Qd5 Bxe1 28. d7+ Kd8 29. Qxa8+ Kxd7 30. Rxe1 Bd3 31. Qd5+ Rd6 32. Qb3 Qxh2 33. Re3 Qh1+ 34. Qd1 Bxe4 35. Qxh1 Bxh1 36. Kc2 c6 37. g4 h6 38. Ne2 Re6 39. Kd2 Rd6+ 40. Ke1 Re6 41. Kf2 Rxe3 42. Kxe3 c5 43. Ng3 Bd5 44. Nf5 b5 45. Nxh6 b4 46. axb4 cxb4 47. Kd4 Bc6 48. g5 1-0

[Event "Oregon-ch"]
[Site "Portland"]
[Date "2016.02.06"]
[Round "2"]
[White "Bjorksten, Lennart"]
[Black "Gatica, Jose M"]
[Result "1/2-1/2"]
[WhiteElo "2073"]
[BlackElo "1990"]
[PlyCount "165"]
[EventDate "2016.02.06"]
[EventType "tourn"]
[EventRounds "9"]
[EventCountry "USA"]
[SourceTitle "EXT 2018"]
[Source "ChessBase"]
[SourceDate "2017.10.13"]
[SourceVersion "1"]
[SourceVersionDate "2017.10.13"]
[SourceQuality "1"]

1. d4 Nf6 2. c4 e6 3. Nc3 Bb4 4. e3 0-0 5. Nge2 d5 6. c5 c6 7. a3 Ba5 8. b4 Bc7 9. f4 Ne8 10. Ng3 Qh4 11. Qh5 Qxh5 12. Nxh5 f6 13. Be2 g6 14. Ng3 Ng7 15. 0-0 e5 16. fxe5 fxe5 17. Rxf8+ Kxf8 18. Bb2 e4 19. Kf2 Nd7 20. b5 Nf6 21. h3 h5 22. Bd1 Ke7 23. a4 Bd7 24. Nge2 Rf8 25. Kg1 Nf5 26. Bc1 g5 27. Bb3 g4 28. hxg4 hxg4 29. a5 a6 30. bxa6 bxa6 31. Bd2 Rb8 32. Bd1 g3 33. Na2 Ng4 34. Nb4 Rxb4 35. Bxb4 Nfxe3 36. Be1 Nf5 37. Bc3 Nge3 38. Bd2 Nc4 39. Be1 Bc8 40. Bb3 Nce3 41. Bd2 Ng4 42. Ra3 Kd7 43. Bd1 Nf2 44. Bc2 Ng4 45. Ra4 Nge3 46. Bb1 Ke6 47. Ba2 Nd1 48. Ra3 Ke7 49. Be1 Nde3 50. Bb3 Ng4 51. Ra1 Nf6 52. Bd2 Ng4 53. Rf1 Nf2 54. Bc2 Ke8 55. Bg5 Bxa5 56. Bf4 Ng4 57. Ba4 Bd7 58. Bxg3 Nge3 59. Rb1 Nxg3 60. Nxg3 Bc7 61. Ne2 Kd8 62. Rb3 Nc4 63. g3 Kc8 64. Nf4 Nd2 65. Rb2 Nf3+ 66. Kf2 Nxd4 67. Ng6 Nf5 68. g4 Nd4 69. g5 Kd8 70. Kg2 Ne6 71. Rc2 Nxg5 72. Ra2 Nf3 73. Bd1 Bf5 74. Nf8 Ke7 75. Rxa6 Kxf8 76. Bxf3 exf3+ 77. Kxf3 Be4+ 78. Ke2 Ke7 79. Rxc6 Kd7 80. Rh6 Bf4 81. Rh4 Bg5 82. Rg4 Be7 83. Rxe4 1/2-1/2

[Event "Oregon-ch"]
[Site "Portland"]
[Date "2016.02.06"]
[Round "1"]
[White "Russell, Corey J"]
[Black "Bjorksten, Lennart"]
[Result "1/2-1/2"]
[WhiteElo "2111"]
[BlackElo "2073"]
[PlyCount "127"]
[EventDate "2016.02.06"]
[EventType "tourn"]
[EventRounds "9"]
[EventCountry "USA"]
[SourceTitle "EXT 2018"]
[Source "ChessBase"]
[SourceDate "2017.10.13"]
[SourceVersion "1"]
[SourceVersionDate "2017.10.13"]
[SourceQuality "1"]

1. d4 Nf6 2. c4 e6 3. a3 Be7 4. Nc3 d5 5. cxd5 exd5 6. Bg5 0-0 7. Qc2 Re8 8. e3 c6 9. Bd3 Nbd7 10. Nf3 Nf8 11. 0-0 Nh5 12. Bxe7 Qxe7 13. b4 a6 14. a4 Qxb4 15. a5 g6 16. Rfb1 Qe7 17. Na4 Ng7 18. Rb3 Nd7 19. Rab1 Ne6 20. Rc1 Nc7 21. Qd2 Nb5 22. e4 dxe4 23. Bxe4 Nf6 24. Nc5 Be6 25. Re3 Qc7 26. Ng5 Bd5 27. Bxd5 Nxd5 28. Rf3 Nd6 29. Nxh7 Qe7 30. Ng5 Nf4 31. Rxf4 Qxg5 32. h4 Qd5 33. Qb2 Re7 34. Qb4 Rae8 35. Nd3 Qb5 36. Qxd6 Qxd3 37. Rf3 Qd2 38. Rf1 Qxa5 39. Rg3 Qf5 40. Rg5 Rd7 41. Qg3 Qf6 42. h5 Rd5 43. Rxd5 cxd5 44. hxg6 fxg6 45. Rc1 Kg7 46. Qb3 Qf7 47. Qg3 Re7 48. Rc8 Qf5 49. Qb8 Re1+ 50. Kh2 Qh5+ 51. Kg3 Qg5+ 52. Kf3 Qf6+ 53. Kg3 Re7 54. Rg8+ Kh7 55. Rf8 Qxd4 56. Rf4 Qc3+ 57. f3 Qc7 58. Qf8 g5 59. Qf5+ Kh6 60. Qf6+ Kh5 61. Qh8+ Rh7 62. Qe8+ Kh6 63. Qe6+ Kh5 64. Qe8+ 1/2-1/2

[Event "Vancouver op"]
[Site "Vancouver"]
[Date "2015.08.23"]
[Round "5"]
[White "Seitzer, Phillip M"]
[Black "Bjorksten, Lennart"]
[Result "1-0"]
[WhiteElo "2191"]
[BlackElo "2185"]
[PlyCount "119"]
[EventDate "2015.08.22"]
[EventType "swiss"]
[EventRounds "5"]
[EventCountry "USA"]
[SourceTitle "EXT 2017"]
[Source "ChessBase"]
[SourceDate "2016.10.25"]
[SourceVersion "1"]
[SourceVersionDate "2016.10.25"]
[SourceQuality "1"]

1. e4 c6 2. d4 d5 3. e5 Bf5 4. Nf3 e6 5. Be2 Be7 6. 0-0 h5 7. Be3 Bg4 8. Nbd2 Nh6 9. h3 Bxf3 10. Bxf3 h4 11. Nb3 Nd7 12. c4 dxc4 13. Nd2 Nb6 14. Be4 Nf5 15. Qg4 g6 16. Rac1 Rh5 17. Nxc4 Nxc4 18. Rxc4 Bg5 19. Qf3 Bxe3 20. fxe3 Kf8 21. b4 a6 22. a4 Kg7 23. Rc2 Qe7 24. Rb2 Rg5 25. Qf4 Ng3 26. Qf6+ Qxf6 27. exf6+ Kg8 28. Rf4 e5 29. Rxh4 exd4 30. exd4 Re8 31. Bd3 Re6 32. b5 axb5 33. axb5 cxb5 34. Bxb5 Rxf6 35. Bd3 b6 36. Kh2 Nh5 37. Be4 Rd6 38. Bf3 Ng7 39. d5 Rf5 40. Rhb4 Rff6 41. Rc4 Nf5 42. Rc6 Ne7 43. Rbxb6 Rxc6 44. dxc6 Kg7 45. Kg1 Re6 46. Kf2 Kf6 47. g3 Ke5 48. Rb5+ Kd6 49. Rb7 Nxc6 50. Bxc6 Kxc6 51. Rxf7 Kd6 52. Kf3 Ke5 53. Kg4 Ra6 54. Rf3 Ke4 55. Rf4+ Ke5 56. Kg5 Ra8 57. Rh4 Ke6 58. Rh7 Rg8 59. g4 Ke5 60. Rh6 1-0

[Event "Oregon-ch"]
[Site "Portland"]
[Date "2015.02.16"]
[Round "9"]
[White "Raptis, Nick"]
[Black "Bjorksten, Lennart"]
[Result "1/2-1/2"]
[WhiteElo "2327"]
[BlackElo "2121"]
[PlyCount "133"]
[EventDate "2015.02.07"]
[EventType "tourn"]
[EventRounds "9"]
[EventCountry "USA"]
[SourceTitle "EXT 2017"]
[Source "ChessBase"]
[SourceDate "2016.10.25"]
[SourceVersion "1"]
[SourceVersionDate "2016.10.25"]
[SourceQuality "1"]

1. d4 Nf6 2. c4 e6 3. g3 c5 4. Nf3 cxd4 5. Nxd4 Nc6 6. Nxc6 bxc6 7. Bg2 Bb4+ 8. Bd2 Bxd2+ 9. Nxd2 Rb8 10. b3 0-0 11. 0-0 d5 12. e4 Ba6 13. Qc2 e5 14. exd5 cxd5 15. Rfe1 dxc4 16. Nxc4 Rc8 17. Rad1 Qc7 18. Bh3 Rcd8 19. Ne3 Qxc2 20. Nxc2 Bc8 21. Bxc8 Rxd1 22. Rxd1 Rxc8 23. Ne3 Kf8 24. Rd6 Ne4 25. Rd7 a6 26. Nc4 Nc5 27. Ra7 f6 28. Ne3 Rc6 29. Kg2 Nd3 30. Rd7 Ne1+ 31. Kf1 Nf3 32. Kg2 Nd4 33. Nc4 Nb5 34. Rb7 Rc7 35. Rb6 Ra7 36. a4 Nd4 37. b4 Ke7 38. Ne3 Kd7 39. h4 Kc7 40. Nd5+ Kd7 41. h5 h6 42. g4 Ke8 43. Ne3 Kf7 44. Nf5 Ne2 45. Nd6+ Kg8 46. Rb8+ Kh7 47. b5 axb5 48. axb5 Rd7 49. Nf5 g6 50. Ne3 gxh5 51. gxh5 Nf4+ 52. Kf3 Nxh5 53. b6 Ng7 54. Nc4 Ne6 55. Na5 Nd8 56. b7 f5 57. Rxd8 Rxd8 58. Nc6 Rd3+ 59. Kg2 Rb3 60. b8Q Rxb8 61. Nxb8 Kg6 62. Nd7 e4 63. Ne5+ Kg5 64. Nf7+ Kf4 65. Nxh6 e3 66. fxe3+ Kxe3 67. Nxf5+ 1/2-1/2

[Event "Las Vegas Millionaire op"]
[Site "Las Vegas"]
[Date "2014.10.12"]
[Round "7"]
[White "Obili, Abhishek"]
[Black "Bjorksten, Lennart"]
[Result "1-0"]
[WhiteElo "2048"]
[BlackElo "2127"]
[PlyCount "67"]
[EventDate "2014.10.09"]
[EventType "swiss"]
[EventRounds "9"]
[EventCountry "USA"]
[SourceTitle "CBM 162 Extra"]
[Source "ChessBase"]
[SourceDate "2014.10.17"]
[SourceVersion "1"]
[SourceVersionDate "2014.10.17"]
[SourceQuality "1"]

1. e4 c6 2. d4 d5 3. e5 Bf5 4. Nf3 e6 5. Be2 c5 6. Be3 Nd7 7. 0-0 Ne7 8. c4 dxc4 9. Bxc4 Nd5 10. Bxd5 exd5 11. Nc3 Be6 12. dxc5 Nxc5 13. Nd4 Be7 14. f4 Ne4 15. f5 Nxc3 16. bxc3 Bc8 17. f6 gxf6 18. exf6 Bc5 19. Qh5 Bxd4 20. Bxd4 Be6 21. Rae1 Qd6 22. c4 0-0-0 23. cxd5 Qxd5 24. Be5 Rd6 25. Rc1+ Rc6 26. Rxc6+ Qxc6 27. Bf4 b5 28. Qe5 Kb7 29. Rc1 Qd5 30. Rc7+ Ka6 31. Qe3 Ra8 32. Qa3+ Kb6 33. Qc3 Qxa2 34. Qc6+ 1-0

[Event "Clark Harmon Memorial 7th"]
[Site "Portland"]
[Date "2013.04.14"]
[Round "5"]
[White "Bjorksten, Lennart"]
[Black "Chan, James"]
[Result "1/2-1/2"]
[WhiteElo "2110"]
[BlackElo "2022"]
[PlyCount "115"]
[EventDate "2013.04.13"]
[EventType "swiss"]
[EventRounds "5"]
[EventCountry "USA"]
[SourceTitle "EXT 2017"]
[Source "ChessBase"]
[SourceDate "2016.10.25"]
[SourceVersion "1"]
[SourceVersionDate "2016.10.25"]
[SourceQuality "1"]

1. d4 d5 2. c4 c6 3. Nf3 Nf6 4. e3 a6 5. Bd3 Bg4 6. h3 Bxf3 7. gxf3 e6 8. Bd2 Nbd7 9. cxd5 cxd5 10. Bc3 b5 11. a3 Nb6 12. Ba5 Qb8 13. Nd2 Nc4 14. Bc3 Be7 15. Nxc4 bxc4 16. Bc2 0-0 17. f4 g6 18. Qf3 Qb7 19. Kd2 Nh5 20. Rag1 Kh8 21. f5 exf5 22. Bxf5 Ng7 23. Bc2 f5 24. h4 Nh5 25. Rb1 Nf6 26. h5 Ne4+ 27. Bxe4 fxe4 28. Qg2 g5 29. Rbf1 Rf3 30. Rh3 Raf8 31. Rxf3 Rxf3 32. Qg4 Qc6 33. Ke2 Kg7 34. Rg1 Qf6 35. Be1 Qf5 36. h6+ Kg6 37. Qg2 Qh3 38. Qxh3 Rxh3 39. Bb4 Bxb4 40. axb4 Rxh6 41. b3 cxb3 42. Rb1 Kf5 43. Rxb3 Rb6 44. Ra3 h5 45. Ra5 Ke6 46. f3 exf3+ 47. Kxf3 Rxb4 48. Rxa6+ Kf5 49. Rh6 g4+ 50. Kg3 Kg5 51. Rh8 Rb6 52. Rg8+ Rg6 53. Rd8 h4+ 54. Kg2 Re6 55. Rxd5+ Kg6 56. Kf2 Rf6+ 57. Kg2 Re6 58. Kf2 1/2-1/2